PUTTING DESIGN THINKING TO WORK HOW LARG (Record no. 32726)

MARC details
000 -LEADER
fixed length control field 00343nam a2200133Ia 4500
008 - FIXED-LENGTH DATA ELEMENTS--GENERAL INFORMATION
fixed length control field 240624s9999 xx 000 0 und d
041 ## - LANGUAGE CODE
Language code of text/sound track or separate title eng
082 ## - DEWEY DECIMAL CLASSIFICATION NUMBER
Classification number 658.406 NEY
100 ## - MAIN ENTRY--PERSONAL NAME
Personal name NEY STEVEN
245 ## - TITLE STATEMENT
Title PUTTING DESIGN THINKING TO WORK HOW LARG
260 ## - PUBLICATION, DISTRIBUTION, ETC.
Date of publication, distribution, etc. 2019
Place of publication, distribution, etc. Switzerland
Name of publisher, distributor, etc. Springer
300 ## - PHYSICAL DESCRIPTION
Extent viii,192P. ;23cm.
365 ## - TRADE PRICE
Currency code ERU
Price amount 33
Holdings
Withdrawn status Lost status Damaged status Not for loan Home library Current library Shelving location Date acquired Full call number Barcode Date last seen Copy number Price effective from Koha item type
        IMTN IMTN Rack 31-A 01/07/2022 658.406 NEY 32726 06/24/2024 88.7 06/24/2024 Books
Designed & Maintained by: LRC IMT Nagpur Contact: lrc@imtnag.ac.in© 2024. All Rights Reserved.